| 000 | 00362nam a2200145 a 4500 | ||
|---|---|---|---|
| 001 | 2596 | ||
| 003 | CDMR | ||
| 005 | 20130116135233.0 | ||
| 008 | 130130s1998||||||||||||||||||||||||||||d | ||
| 040 |
_aCDMR _bcat _cCPC GIRONA |
||
| 100 | 1 |
_aMiquel, Dolors _91946 |
|
| 245 | 1 | 0 |
_aLlibre dels homes _cMiquel, Dolors |
| 260 |
_c1998 _bEdicions 62 – Empúries |
||
| 942 | _cMON | ||
| 999 |
_c2596 _d2596 |
||